Chansons TXT - Statistiques

Statistiques générales
  • Ce quiz a été pris 123 fois
    122 depuis la dernière actualisation
  • Le résultat moyen est 34 sur 78
Statistiques - réponses
Hint Réponse % Correct
Sugar Rush Ride
85%
Sugar Rush Ride (Japanese Ver.)
85%
CROWN
82%
CROWN (Japanese Ver.)
82%
Blue Hour
81%
Cat & Dog
81%
Good Boy Gone Bad
78%
Good Boy Gone Bad (Japanese Ver.)
78%
Magic
69%
Tinnitus (Wanna be a rock)
69%
9 and Three Quarters (Run Away)
67%
Japanese songs and versions 9 and Three Quarters (Run Away) (Japanese Ver.)
67%
Can't You See Me? (Japanese Ver.)
65%
The Name Chapter : TEMPTATION Devil by the Window
65%
Can't You See Me?
64%
PUMA
64%
Farrewell, Neverland
63%
Anti-Romantic
62%
Lonely Boy (The tatoo on my ring finger)
60%
minisode 2 : Thursday's Child Opening Sequence
58%
Frost
56%
We Lost The Summer
56%
Our Summer (Acoustic Mix)
55%
0X1=LOVESONG (I Know I Love You) feat. Ikuta Lilas (Japanese Ver.)
54%
0X1=LOVESONG (I Know I Love You) feat. Seori
54%
0X1=LOVESONG (I Know I Love You) feat. Seori (Emocore Mix)
54%
The Dream Chapter : ETERNITY Drama
54%
Drama (Japanese Ver.)
54%
Our Summer
54%
No Rules
53%
Eternally
51%
Thursday's Child Has Far To Go
51%
The Dream Chapter : MAGIC New Rules
50%
Ice Cream
49%
Fairy of Shampoo
47%
minisode1 : Blue Hour Ghosting
46%
MOA Diary (Dubaddu Wari Wari)
45%
MOA Diary (Dubaddu Wari Wari) (Japanese Ver.)
45%
Dear Sputnik
44%
Happy Fools (feat. Coi Leray)
44%
Roller Coaster
44%
Wishlist
44%
Angel or Devil
42%
Angel or Devil (Japanese Ver.)
42%
The Dream Chapter : STAR Blue Orangeade
42%
The Chaos Chapter : FIGHT OR ESCAPE LO$ER=LOVER
41%
Magic Island
40%
Trust Fund Baby
40%
Maze in the Mirror
38%
Way Home
37%
What if I had been that PUMA/Balance Game
37%
20cm
36%
Can't We Just Leave The Monster Alive ?
35%
Poppin' Star
35%
Ito
31%
Ring
28%
Ring (Uplugged Ver.)
28%
PS5 (With salem ilese & Alan Walker)
27%
Do It Like That (with Jonas Brothers)
26%
Everlasting Shine
24%
Hitori no Yoru
23%
Force
22%
Singles, OST, Remix, Cat & Dog (English Version)
19%
EYES
18%
Free Falling
18%
Intro : FALLING
18%
Outro : STILL
18%
Intro : DREAMING
17%
Love Sight
17%
Nap of the star
15%
Valley of Lies (with iann dior)
15%
Goodbye Now
14%
Your Light
10%
Your Light (Japanese Ver.)
10%
Intro : FLOATING
4%
0X1=LOVESONG (I Know I Love You) feat. MOD SUN
0%
0X1=LOVESONG (I Know I Love You) feat. pH-1, Woodie Gochild, Seori
0%
Hydragea Love
0%
Aucun quiz correspondant
Distribution des résultats
% des personnes avec chaque résultat
Percentile par nombre de réponses
Votre historique - résultats
Vous n’avez pas pris ce quiz depuis la dernière actualisation